[Event "67th ch-RUS HL w 2017"]
[Site "Sochi RUS"]
[Date "2017.07.02"]
[Round "1.1"]
[White "Styazhkina, Anna"]
[Black "Girya, Olga"]
[Result "0-1"]
[WhiteTitle "WIM"]
[BlackTitle "WGM"]
[WhiteElo "2252"]
[BlackElo "2502"]
[WhiteFideId "24119300"]
[BlackFideId "4195752"]
[EventDate "2017.07.02"]

1. e4 c6 2. d4 d5 3. e5 Bf5 4. Nf3 e6 5. Be2 Ne7 6. O-O Bg6 7. Nbd2 c5 8. c4
cxd4 9. Nxd4 Nec6 10. N2f3 dxc4 11. Bxc4 Be7 12. Be3 O-O 13. Rc1 Bh5 14. Be2 Nb4
15. Qb3 N8c6 16. Nxc6 bxc6 17. Bc5 Bxc5 18. Rxc5 Rb8 19. Rd1 Nd5 20. Qc2 Qb6 21.
Rd2 Nb4 22. Qc4 Rfd8 23. Rd6 Bxf3 24. gxf3 h6 25. a3 Nd5 26. b4 Ne7 27. Bd3 Rbc8
28. Be4 Qb8 29. Rxd8+ Rxd8 30. f4 Rd1+ 31. Kg2 Qd8 32. Bf3 Rd4 33. Qc1 Ng6 34.
Rxc6 Nxf4+ 35. Kh1 Qg5 36. Rc8+ Kh7 37. Rc5 Qf5 38. Qe3 Rd3 39. Qe4 Rd1+ 0-1

[Event "67th ch-RUS HL w 2017"]
[Site "Sochi RUS"]
[Date "2017.07.02"]
[Round "1.2"]
[White "Galliamova, Alisa"]
[Black "Chernyak, Viktoria"]
[Result "1-0"]
[WhiteTitle "IM"]
[BlackTitle "WFM"]
[WhiteElo "2459"]
[BlackElo "2251"]
[WhiteFideId "4129725"]
[BlackFideId "24165956"]
[EventDate "2017.07.02"]

1. d4 d5 2. c4 c6 3. Nf3 Nf6 4. Nbd2 Bg4 5. g3 e6 6. Bg2 Nbd7 7. O-O Bd6 8. b3
O-O 9. Bb2 Bxf3 10. Nxf3 Ne4 11. Nd2 f5 12. Nxe4 fxe4 13. f3 exf3 14. exf3 Qf6
15. f4 Rae8 16. Qd2 Qg6 17. c5 Bc7 18. Rae1 h5 19. Bh3 Kh8 20. Qg2 b6 21. cxb6
Bxb6 22. b4 Qd3 23. Kh1 Nf6 24. Bxe6 Bxd4 25. Rd1 Qe4 26. Qxe4 Nxe4 27. Bxd4
Rxe6 28. f5 Re7 29. Rc1 Rc7 30. Rf4 a6 31. Rcf1 Rcf7 32. g4 hxg4 33. Rxg4 Rxf5
34. Rxf5 Rxf5 35. Rxg7 Rf8 36. Rc7+ Kg8 37. Rg7+ Kh8 38. a4 Nf2+ 39. Kg2 Ne4 40.
Rc7+ Kg8 41. Rg7+ Kh8 42. Ra7+ Kg8 43. Rxa6 Rb8 44. Rb6 Ra8 45. a5 c5 46. bxc5
Rxa5 47. c6 Ra2+ 48. Bb2 Kf7 49. c7 Nd6 50. Kh3 Nc8 51. Rb8 Ne7 52. Be5 Rc2 53.
Bd6 Nf5 54. c8=Q Rxc8 55. Rxc8 Nxd6 56. Rc5 Ke6 57. Kg4 Ne4 58. Ra5 Ke5 59. h4
Nf6+ 60. Kg5 Nd7 61. h5 Ke4 62. h6 Nf8 63. Ra8 Ne6+ 64. Kf6 1-0

[Event "67th ch-RUS HL w 2017"]
[Site "Sochi RUS"]
[Date "2017.07.02"]
[Round "1.3"]
[White "Khokhlova, Daria"]
[Black "Kashlinskaya, Alina"]
[Result "0-1"]
[BlackTitle "IM"]
[WhiteElo "2237"]
[BlackElo "2438"]
[WhiteFideId "24182729"]
[BlackFideId "4198026"]
[EventDate "2017.07.02"]

1. d4 Nf6 2. c4 e6 3. g3 d5 4. Nf3 dxc4 5. Bg2 Bd7 6. Ne5 Bc6 7. Nxc6 Nxc6 8.
O-O Qd7 9. e3 Rd8 10. Qa4 Nb4 11. Qxd7+ Rxd7 12. Na3 c5 13. dxc5 Bxc5 14. Nxc4
Nd3 15. Bd2 Nxb2 16. Nxb2 Rxd2 17. Na4 Ba3 18. Bxb7 O-O 19. Rfd1 Rfd8 20. Bf3 g5
21. h3 Kg7 22. Kg2 R8d6 23. Kf1 Ne4 24. Be2 R6d5 25. Ke1 Bb4 26. Kf1 Nxg3+ 27.
fxg3 Rf5+ 28. Kg1 Rxe2 29. Rf1 Ra5 30. a3 Bd2 0-1

[Event "67th ch-RUS HL w 2017"]
[Site "Sochi RUS"]
[Date "2017.07.02"]
[Round "1.4"]
[White "Nechaeva, Marina"]
[Black "Dimitrova, Aleksandra"]
[Result "1-0"]
[WhiteTitle "IM"]
[BlackTitle "WFM"]
[WhiteElo "2408"]
[BlackElo "2231"]
[WhiteFideId "4149351"]
[BlackFideId "24173371"]
[EventDate "2017.07.02"]

1. d4 Nf6 2. c4 e6 3. Nc3 Bb4 4. Nf3 b6 5. e3 c5 6. Bd3 Bb7 7. O-O O-O 8. Na4
cxd4 9. exd4 d5 10. c5 bxc5 11. Nxc5 Bxc5 12. dxc5 Nbd7 13. b4 a5 14. Ba3 axb4
15. Bxb4 Bc6 16. Nd4 Qc7 17. a4 Nb8 18. f4 Rc8 19. Bb5 Bd7 20. Qe2 Ne4 21. Rac1
Nc6 22. Nxc6 Bxc6 23. Kh1 Rcb8 24. Be1 Qd7 25. Bxc6 Qxc6 26. a5 Rb5 27. f5 Rxc5
28. Rxc5 Qxc5 29. fxe6 fxe6 30. Qg4 Qd6 31. Qe2 Qa6 32. Qf3 h6 33. h4 Rb8 34. h5
Ng5 35. Qf2 Qd3 36. Kg1 Kh7 37. Qg3 Qxg3 38. Bxg3 Ra8 39. Bc7 Kg8 40. Rf4 Ne4
41. g4 Nc5 42. Kg2 Nd7 43. Rb4 Ra7 44. Bd8 Kf7 45. Rb5 Ne5 46. Bb6 Ra6 47. Bd4
Nc4 48. Rb7+ Ke8 49. Bxg7 Rxa5 50. g5 d4 51. Bxh6 Ne3+ 52. Kf3 Nf5 53. Bg7 d3
54. Bc3 e5 55. Bxa5 1-0

[Event "67th ch-RUS HL w 2017"]
[Site "Sochi RUS"]
[Date "2017.07.02"]
[Round "1.5"]
[White "Doroshenko, Diana"]
[Black "Pustovoitova, Daria"]
[Result "0-1"]
[WhiteTitle "WIM"]
[BlackTitle "FM"]
[WhiteElo "2228"]
[BlackElo "2406"]
[WhiteFideId "4176766"]
[BlackFideId "4182146"]
[EventDate "2017.07.02"]

1. e4 c6 2. d4 d5 3. exd5 cxd5 4. Bd3 Nc6 5. c3 Qc7 6. h3 e6 7. Nf3 Bd6 8. Qe2
Nge7 9. O-O f6 10. c4 O-O 11. Nc3 a6 12. a3 Bd7 13. Re1 Rfe8 14. Qc2 dxc4 15.
Bxh7+ Kf8 16. Ne4 b5 17. Nxd6 Qxd6 18. Re4 Nf5 19. Bg6 Red8 20. Bxf5 exf5 21.
Bf4 Qd5 22. Re2 Be8 23. Bc7 Rd7 24. Bb6 Bh5 25. Re3 f4 26. Rc3 Bxf3 27. Rxf3
Nxd4 28. Bxd4 Qxd4 29. Qh7 Rad8 30. Re1 Rd5 31. g3 Rg5 32. Kg2 fxg3 33. Rxg3
Rxg3+ 34. Kxg3 Qd3+ 35. Kg2 Qxh7 0-1

[Event "67th ch-RUS HL w 2017"]
[Site "Sochi RUS"]
[Date "2017.07.02"]
[Round "1.6"]
[White "Assaubayeva, Bibisara"]
[Black "Goltseva, Ekaterina"]
[Result "1-0"]
[WhiteTitle "WFM"]
[BlackTitle "WFM"]
[WhiteElo "2386"]
[BlackElo "2214"]
[WhiteFideId "13708694"]
[BlackFideId "24173770"]
[EventDate "2017.07.02"]

1. d4 Nf6 2. c4 b6 3. Nc3 Bb7 4. Qc2 d5 5. Nf3 e6 6. cxd5 exd5 7. Bg5 Be7 8. e3
O-O 9. Bd3 Nbd7 10. O-O h6 11. Bxf6 Bxf6 12. Qa4 c5 13. Ba6 Qc8 14. Bxb7 Qxb7
15. Qb3 cxd4 16. exd4 Rfd8 17. Qxd5 Nc5 18. Qxb7 Nxb7 19. Rfd1 g6 20. Rac1 Nd6
21. Nd5 Bg7 22. Ne7+ Kh7 23. Nc6 Rdc8 24. b3 Rc7 25. d5 Rac8 26. Rd3 Nf5 27.
Rcd1 Nd6 28. Nd2 Nb5 29. Nb1 Rd7 30. a4 Nd6 31. Nd2 b5 32. axb5 Nxb5 33. Ne4 Re8
34. f3 f5 35. Nc5 Rd6 36. Rc1 Rc8 37. Rc4 Nc3 38. Nxa7 Rc7 39. Rdxc3 Rxa7 40.
Rd3 Ra1+ 41. Kf2 Ra2+ 42. Kg3 f4+ 43. Kh3 g5 44. Ne4 Rg6 45. Rc6 h5 46. Rxg6
Kxg6 47. d6 Ra8 48. d7 Rd8 49. Nc5 Kf5 50. Rd5+ Be5 51. Nd3 g4+ 52. Kh4 gxf3 53.
gxf3 Kf6 54. Nxe5 1-0

[Event "67th ch-RUS HL w 2017"]
[Site "Sochi RUS"]
[Date "2017.07.02"]
[Round "1.7"]
[White "Shaydullina, Sandugach"]
[Black "Shuvalova, Polina"]
[Result "0-1"]
[WhiteTitle "WGM"]
[BlackTitle "WIM"]
[WhiteElo "2203"]
[BlackElo "2383"]
[WhiteFideId "4140389"]
[BlackFideId "24171760"]
[EventDate "2017.07.02"]

1. d4 Nf6 2. c4 e6 3. Nf3 b6 4. g3 c6 5. Bg2 d5 6. O-O Be7 7. Qc2 O-O 8. Nbd2
Bb7 9. Rd1 Na6 10. e4 Rc8 11. e5 Nd7 12. a3 c5 13. cxd5 cxd4 14. Qb1 Bxd5 15. b4
Nc7 16. Bf1 f6 17. Bd3 h6 18. Nh4 Nxe5 19. Bh7+ Kh8 20. f4 f5 21. Ng6+ Nxg6 22.
Bxg6 Bb7 23. Bh5 Nd5 24. Re1 Ne3 25. Ra2 Bf6 26. Bf3 Bd5 27. Bxd5 Qxd5 28. Nf1
Nxf1 29. Rxf1 d3 30. Be3 Bd4 31. Bxd4 Qxd4+ 32. Rff2 Qe3 33. Qb3 Rc1+ 34. Kg2
Rfc8 35. Rad2 R8c3 36. Qb2 R1c2 37. Rxc2 dxc2 0-1

[Event "67th ch-RUS HL w 2017"]
[Site "Sochi RUS"]
[Date "2017.07.02"]
[Round "1.8"]
[White "Bivol, Alina"]
[Black "Potapova, Margarita"]
[Result "0-1"]
[WhiteTitle "WGM"]
[BlackTitle "WFM"]
[WhiteElo "2379"]
[BlackElo "2203"]
[WhiteFideId "4100123"]
[BlackFideId "14126869"]
[EventDate "2017.07.02"]

1. e4 c5 2. Nf3 d6 3. d4 cxd4 4. Nxd4 Nf6 5. Nc3 a6 6. h4 b5 7. a4 b4 8. Nd5 Bb7
9. Nxf6+ exf6 10. Bd3 Nc6 11. Nxc6 Bxc6 12. O-O Qd7 13. Qe2 a5 14. Bf4 Be7 15.
b3 O-O 16. Rad1 Qb7 17. Qg4 Rfe8 18. Rfe1 Bf8 19. f3 Bd7 20. Qg3 Be6 21. Rd2
Red8 22. Kh1 Rac8 23. Red1 Rc3 24. Qf2 Be7 25. Be3 Rb8 26. f4 Rcc8 27. Qe2 Ra8
28. Bf2 Qc7 29. Bg3 Bd7 30. e5 d5 31. Ba6 Re8 32. Rxd5 Bc6 33. R5d2 Bxg2+ 34.
Qxg2 Rxa6 35. Rd7 Qc8 36. Qb7 Qxb7+ 37. Rxb7 Kf8 38. Rc7 fxe5 39. fxe5 Rh6 40.
Rdd7 g5 41. Bf2 g4 42. Kg2 Re6 43. Rd5 h5 44. Rc4 Ra8 45. Bc5 Re8 46. Bf2 Ra8
47. Kg3 Kg7 48. Bd4 Kg6 49. Rb5 f5 50. Be3 Rd8 51. Rc7 Re8 52. Bf4 Bf8 53. Rxa5
Bg7 54. Rcc5 Bf8 55. Rc4 Rd8 56. Rb5 Rd1 57. a5 Be7 58. Rb6 Kf7 59. Rxe6 Kxe6
60. a6 Ra1 61. Rc6+ Kd5 62. Rg6 Ke4 63. Bd2 Bc5 64. e6 Rg1+ 65. Kh2 Kf3 66. a7
Bxa7 67. e7 Rg2+ 68. Kh1 Kg3 0-1

[Event "67th ch-RUS HL w 2017"]
[Site "Sochi RUS"]
[Date "2017.07.02"]
[Round "1.9"]
[White "Solozhenkina, Elizaveta"]
[Black "Kovanova, Baira"]
[Result "0-1"]
[WhiteTitle "WIM"]
[BlackTitle "WGM"]
[WhiteElo "2198"]
[BlackElo "2373"]
[WhiteFideId "34106615"]
[BlackFideId "4164083"]
[EventDate "2017.07.02"]

1. e4 e5 2. Nf3 Nc6 3. Bb5 a6 4. Ba4 Nf6 5. O-O Be7 6. Re1 b5 7. Bb3 d6 8. c3
O-O 9. h3 Bb7 10. d4 Nd7 11. Nbd2 Bf6 12. Nf1 Re8 13. Ng3 exd4 14. cxd4 Na5 15.
Bc2 g6 16. Bh6 c5 17. Bf4 cxd4 18. Rc1 Qb6 19. b3 Rac8 20. Ne2 d5 21. e5 Nxe5
22. Nfxd4 Nac6 23. Be3 Nxd4 24. Nxd4 Qd6 25. Qd2 Nc6 26. Bb1 Nxd4 27. Bxd4 Rxc1
28. Rxc1 Kg7 29. a4 bxa4 30. bxa4 Bxd4 31. Qxd4+ Qf6 32. Qxf6+ Kxf6 33. Bd3 Re6
34. Rb1 Bc8 35. Rc1 Bd7 36. a5 d4 37. Rc7 Bb5 38. Bxb5 axb5 39. Rb7 d3 40. Rd7
Ra6 41. Rxd3 Rxa5 42. Rd6+ Ke5 43. Rd7 Ke6 44. Rb7 h5 45. h4 Kd5 46. Kf1 Kc4 47.
Rc7+ Kb3 48. Rxf7 b4 49. Rb7 Ka3 50. Ke2 b3 51. Kd2 Ra6 52. f3 Ka2 53. g4 b2 54.
gxh5 gxh5 55. f4 b1=Q 56. Rxb1 Kxb1 0-1

[Event "67th ch-RUS HL w 2017"]
[Site "Sochi RUS"]
[Date "2017.07.02"]
[Round "1.10"]
[White "Gritsayeva, Oksana"]
[Black "Grigorian, Marine"]
[Result "1/2-1/2"]
[WhiteTitle "WFM"]
[BlackTitle "WFM"]
[WhiteElo "2372"]
[BlackElo "2181"]
[WhiteFideId "14104652"]
[BlackFideId "4124260"]
[EventDate "2017.07.02"]

1. d4 d6 2. e4 Nf6 3. Nc3 e5 4. Nf3 Nbd7 5. Bc4 Be7 6. O-O O-O 7. Re1 c6 8. a4
exd4 9. Nxd4 Ne5 10. Bb3 Re8 11. a5 Bd7 12. h3 b5 13. axb6 axb6 14. Rxa8 Qxa8
15. Be3 b5 16. f4 Ng6 17. f5 Ne5 18. Nf3 Qa5 19. Nxe5 dxe5 20. Bg5 Qa7+ 21. Kh2
c5 22. Bxf6 Bxf6 23. Bd5 c4 24. Qh5 Rf8 25. Rd1 b4 26. Ne2 Ba4 27. b3 cxb3 28.
cxb3 Bb5 29. Ng1 Qe3 30. Ra1 Qf4+ 31. Kh1 Qh4 32. Qd1 Qf2 33. Nf3 g6 34. Rc1 Qe3
35. Rc7 Bd3 36. Qd2 Qxd2 37. Nxd2 gxf5 38. exf5 Bxf5 39. Ne4 Bxe4 40. Bxe4 Rd8
41. Rc4 Be7 42. g4 Rd2 43. Rc2 Rxc2 1/2-1/2

[Event "67th ch-RUS HL w 2017"]
[Site "Sochi RUS"]
[Date "2017.07.02"]
[Round "1.11"]
[White "Legenko, Ksenia"]
[Black "Vasilevich, Tatjana"]
[Result "0-1"]
[WhiteTitle "WFM"]
[BlackTitle "IM"]
[WhiteElo "2172"]
[BlackElo "2365"]
[WhiteFideId "4192265"]
[BlackFideId "14101610"]
[EventDate "2017.07.02"]

1. d4 d5 2. c4 e6 3. Nf3 Nf6 4. g3 dxc4 5. Bg2 c5 6. O-O Nc6 7. Qa4 Bd7 8. Qxc4
b5 9. Qd3 Rc8 10. dxc5 Nb4 11. Qd2 Bxc5 12. Nc3 Qb6 13. Ne5 Rd8 14. a3 Nc6 15.
Nd3 Bd4 16. Qg5 Ne7 17. Ne5 Nf5 18. Nxd7 Rxd7 19. e4 h6 20. Qf4 Ne7 21. Qf3 O-O
22. Ne2 Nc6 23. Qb3 Rfd8 24. Bf4 e5 25. Be3 Bxe3 26. Qxe3 Qxe3 27. fxe3 Rd3 28.
Nc3 Rxe3 29. Nd5 Nxd5 30. exd5 Nd4 31. Rac1 f5 32. Rc5 Re2 33. Rf2 Re1+ 34. Rf1
Re2 35. Rf2 Re3 36. Rf1 a6 37. a4 Rd6 38. axb5 axb5 39. Ra1 Rd7 40. Bf1 Rb3 41.
Ra6 Rxb2 42. Bg2 Kf7 43. Kf1 e4 44. g4 e3 45. gxf5 Rb1+ 0-1

[Event "67th ch-RUS HL w 2017"]
[Site "Sochi RUS"]
[Date "2017.07.02"]
[Round "1.12"]
[White "Savina, Anastasia"]
[Black "Baraeva, Marina"]
[Result "0-1"]
[WhiteTitle "IM"]
[BlackTitle "WIM"]
[WhiteElo "2364"]
[BlackElo "2169"]
[WhiteFideId "4196872"]
[BlackFideId "24142573"]
[EventDate "2017.07.02"]

1. d4 d5 2. c4 c6 3. Nf3 Nf6 4. Nc3 dxc4 5. a4 Bf5 6. Ne5 Nbd7 7. Nxc4 Nb6 8.
Ne5 a5 9. Bg5 h6 10. Bh4 e6 11. e4 Bh7 12. f3 Be7 13. Bf2 O-O 14. Be2 Rc8 15.
Qb3 Nfd7 16. O-O Bb4 17. Nd3 Bd6 18. Kh1 Kh8 19. Rac1 Bg8 20. Rfd1 f5 21. e5 Be7
22. Nc5 Bxc5 23. dxc5 Nd5 24. Nxd5 exd5 25. f4 Qc7 26. Bh4 Rce8 27. Qc3 Bf7 28.
Re1 Kh7 29. Bd3 Be6 30. Rb1 Rf7 31. Qc2 b6 32. cxb6 Qxb6 33. Bf2 c5 34. Bb5 d4
35. Rbc1 Rd8 36. Bc4 Nf8 37. b3 Bxc4 38. bxc4 Ne6 39. Rb1 Qc6 40. Bh4 d3 41. Qd2
Rd4 42. Bg3 Qxa4 43. Rb6 Qc2 44. Qd1 Qxd1 45. Rxd1 Nxf4 46. Rd6 Rxc4 47. Rf1 Ng6
48. Rxd3 f4 49. e6 Re7 50. Be1 a4 51. Rd6 Re4 52. Bf2 R7xe6 53. Rxe6 Rxe6 54.
Bxc5 Re4 55. Bd6 Ne5 56. h3 g5 57. Rc1 Nc4 58. Bc5 Kg6 59. Ra1 Nd2 60. Rd1 Nb3
61. Rd6+ Kf5 62. Ba3 Rd4 63. Rxh6 Rd1+ 64. Kh2 Nd2 65. g4+ Ke4 66. Rd6 Nf3+ 67.
Kg2 Rxd6 68. Bxd6 Ke3 69. Kf1 Nd2+ 70. Ke1 Ne4 71. Ba3 Kf3 0-1

[Event "67th ch-RUS HL w 2017"]
[Site "Sochi RUS"]
[Date "2017.07.02"]
[Round "1.13"]
[White "Korchagina, Viktoria"]
[Black "Ovod, Evgenija"]
[Result "0-1"]
[WhiteTitle "WFM"]
[BlackTitle "IM"]
[WhiteElo "2154"]
[BlackElo "2363"]
[WhiteFideId "4197224"]
[BlackFideId "4131827"]
[EventDate "2017.07.02"]

1. e4 e5 2. Nf3 Nc6 3. Bb5 Nf6 4. O-O Bc5 5. Nxe5 Nxe4 6. Qe2 Nxe5 7. Qxe4 Qe7
8. Nc3 Ng6 9. Qxe7+ Bxe7 10. Nd5 Bd6 11. Re1+ Kd8 12. Nc3 c6 13. Bc4 Ne5 14. Bb3
Re8 15. Ne4 Ng4 16. h3 f5 17. hxg4 Rxe4 18. Rxe4 fxe4 19. Bg8 Bc5 20. Bxh7 d5
21. Bf5 Bxf5 22. gxf5 Kd7 23. d3 exd3 24. cxd3 Re8 25. Kf1 Rf8 26. g4 g6 27. Bh6
Rh8 28. g5 gxf5 29. Kg2 Ke6 30. Re1+ Kf7 31. Re5 Bd4 32. Rxf5+ Kg6 33. Rf4 c5
34. b3 b5 35. Kf3 Be5 36. Rf8 Rxf8+ 37. Bxf8 Bd4 38. Be7 Kf5 39. Ke2 Ke6 40. Bf8
Kf5 41. b4 cxb4 42. Bxb4 Kxg5 43. Bd2+ Kf5 44. Be3 Bxe3 45. Kxe3 Ke5 46. f4+ Kd6
47. a3 a5 48. Kd2 d4 49. Kc2 a4 0-1

[Event "67th ch-RUS HL w 2017"]
[Site "Sochi RUS"]
[Date "2017.07.02"]
[Round "1.14"]
[White "Charochkina, Daria"]
[Black "Vinokur, Yuliya"]
[Result "1-0"]
[WhiteTitle "IM"]
[BlackTitle "WFM"]
[WhiteElo "2350"]
[BlackElo "2147"]
[WhiteFideId "4180917"]
[BlackFideId "34127515"]
[EventDate "2017.07.02"]

1. c4 Nf6 2. Nc3 g6 3. g3 Bg7 4. Bg2 O-O 5. Nf3 d6 6. d4 c5 7. O-O Nc6 8. e3 Rb8
9. Qe2 Bg4 10. Rd1 Qc8 11. Qf1 cxd4 12. exd4 e5 13. d5 Nd4 14. Nxd4 Bxd1 15.
Ndb5 Bc2 16. Qe2 a6 17. Nxd6 Qc5 18. Be3 Qxd6 19. c5 Qd7 20. Qxc2 Ng4 21. Bd2 f5
22. h3 Nf6 23. Na4 Qf7 24. Nb6 Nd7 25. Nxd7 Qxd7 26. c6 bxc6 27. dxc6 Qd4 28.
Be3 Rxb2 29. Qc1 Qd3 30. Qxb2 e4 31. Qc1 Bxa1 32. Qxa1 Qd6 33. Bh6 Rf7 34. Qc3
g5 35. Bxg5 Rc7 36. Bf1 Qxc6 37. Qe5 Rf7 38. Be3 Kf8 39. Bc5+ Kg8 40. Bc4 e3 1-0

[Event "67th ch-RUS HL w 2017"]
[Site "Sochi RUS"]
[Date "2017.07.02"]
[Round "1.15"]
[White "Avdeenko, Tatiana"]
[Black "Belenkaya, Dina"]
[Result "1/2-1/2"]
[WhiteTitle "WFM"]
[BlackTitle "WGM"]
[WhiteElo "2123"]
[BlackElo "2323"]
[WhiteFideId "4177452"]
[BlackFideId "24142654"]
[EventDate "2017.07.02"]

1. e4 c6 2. d4 d5 3. Nc3 dxe4 4. Nxe4 Nf6 5. Nxf6+ exf6 6. Bc4 Be7 7. Nf3 O-O 8.
O-O Bg4 9. c3 Nd7 10. Re1 Bd6 11. h3 Bh5 12. g4 Nb6 13. Bb3 Bg6 14. Nh4 Re8 15.
Nxg6 hxg6 16. Bd2 Rxe1+ 17. Qxe1 f5 18. Qe2 Bc7 19. Re1 Nd5 20. Qf3 Qd7 21. gxf5
gxf5 22. Bxd5 cxd5 23. Bf4 Bxf4 24. Qxf4 f6 25. h4 Kf7 26. Re3 Rh8 27. b3 b5 28.
Kg2 a6 29. Kg1 Rh6 30. Kg2 Rg6+ 31. Rg3 Rh6 32. Rf3 Rh5 33. Rg3 Rh8 34. Re3 Rh7
35. Kf1 Rh5 36. Rg3 Rh8 37. Re3 Rh6 38. Rf3 Rh5 39. Kg2 Qe7 40. Re3 Qd7 41. Rf3
Kg8 42. Rg3 Kf7 43. Rf3 Kg8 44. Rg3 Kf7 45. Rf3 1/2-1/2

[Event "67th ch-RUS HL w 2017"]
[Site "Sochi RUS"]
[Date "2017.07.02"]
[Round "1.16"]
[White "Ubiennykh, Ekaterina"]
[Black "Sakorenko, Adriana"]
[Result "1/2-1/2"]
[WhiteTitle "WIM"]
[BlackTitle "WFM"]
[WhiteElo "2322"]
[BlackElo "2116"]
[WhiteFideId "4137582"]
[BlackFideId "34130249"]
[EventDate "2017.07.02"]

1. d4 Nf6 2. c4 e6 3. Nc3 d5 4. cxd5 exd5 5. Bg5 Be7 6. e3 c6 7. Bd3 O-O 8. Qc2
Nbd7 9. Nf3 Re8 10. Bf4 Nf8 11. h3 Ng6 12. Bh2 Bd6 13. Bxd6 Qxd6 14. O-O-O b5
15. Kb1 a5 16. Rc1 a4 17. Ng5 Ba6 18. Bf5 Nf8 19. Rhd1 Qe7 20. Ne2 b4 21. Bd3
Bxd3 22. Rxd3 Rec8 23. Ng3 Nh5 24. Nxh5 Qxg5 25. g4 Nd7 26. f4 Qh4 27. e4 dxe4
28. Re3 Nf6 29. Nxf6+ Qxf6 30. Qxe4 a3 31. Rc5 Rd8 32. Rxc6 Qxd4 33. Qxd4 Rxd4
34. bxa3 Rxf4 35. axb4 Rxb4+ 36. Rb3 Rba4 37. a3 g6 38. Kb2 Kg7 39. Rf3 R8a7 40.
Rb6 R4a5 41. h4 h6 42. Rfb3 Ra4 43. R6b4 R4a5 44. Rg3 Kf6 45. Rf4+ Ke5 46. Rf2
Ra4 47. h5 Rf4 48. Re3+ Re4 49. Rxe4+ Kxe4 50. Rf6 Ke5 51. Rb6 gxh5 52. gxh5 f5
53. Rxh6 f4 54. Rh8 Rf7 55. Kc3 f3 56. Re8+ Kf4 57. Kd2 Rh7 58. Rf8+ Ke4 59.
Re8+ Kf4 60. Rf8+ 1/2-1/2

[Event "67th ch-RUS HL w 2017"]
[Site "Sochi RUS"]
[Date "2017.07.02"]
[Round "1.17"]
[White "Lingur, Zalina"]
[Black "Mirzoeva, Elmira"]
[Result "1/2-1/2"]
[WhiteTitle "WFM"]
[BlackTitle "WGM"]
[WhiteElo "2087"]
[BlackElo "2314"]
[WhiteFideId "34165670"]
[BlackFideId "4127951"]
[EventDate "2017.07.02"]

1. e4 d6 2. d4 Nf6 3. Nc3 e5 4. Nf3 Nbd7 5. Bc4 Be7 6. O-O O-O 7. h3 c6 8. a4 a5
9. Be3 Nb6 10. Bb3 Nfd7 11. Qe2 Qc7 12. Rad1 exd4 13. Bxd4 Ne5 14. Nh2 Be6 15.
f4 Bxb3 16. cxb3 Ned7 17. Ng4 f6 18. Ne3 Rfe8 19. Nf5 Bf8 20. Qg4 Kh8 21. Rf3
Nc5 22. Rg3 Qf7 23. Nh6 Qe7 24. e5 dxe5 25. fxe5 fxe5 26. Bxe5 Nbd7 27. Bd4 Nf6
28. Qf3 Ncd7 29. Rf1 gxh6 30. Ne4 Bg7 31. Nxf6 Bxf6 32. Bxf6+ Nxf6 33. Qxf6+
Qxf6 34. Rxf6 Re7 35. Rf5 Rg7 36. Rgf3 Kg8 37. Re3 Rd8 38. Rxa5 Rd1+ 39. Kh2 Rd2
40. Ra8+ Kf7 41. Rf3+ Ke6 42. Re3+ Kf7 43. Rf3+ Ke6 44. Re3+ Kd7 1/2-1/2

[Event "67th ch-RUS HL w 2017"]
[Site "Sochi RUS"]
[Date "2017.07.02"]
[Round "1.18"]
[White "Dordzhieva, Dinara"]
[Black "Nasybullina, Alfia"]
[Result "1-0"]
[WhiteTitle "WIM"]
[BlackTitle "WFM"]
[WhiteElo "2308"]
[BlackElo "2084"]
[WhiteFideId "24157570"]
[BlackFideId "4132416"]
[EventDate "2017.07.02"]

1. Nf3 d5 2. c4 c6 3. g3 Nf6 4. Bg2 dxc4 5. O-O Nbd7 6. Na3 Nb6 7. Qc2 g6 8.
Nxc4 Bg7 9. Nce5 Bf5 10. d3 Ng4 11. Nxg4 Bxg4 12. h3 Bxf3 13. Bxf3 O-O 14. Bg2
Nd5 15. Bd2 Qd6 16. Rab1 a5 17. a3 a4 18. Rfc1 Rfd8 19. Qc4 Nb6 20. Qh4 Bf6 21.
Bg5 Bxg5 22. Qxg5 Qe6 23. Rc2 Qb3 24. Rbc1 Rd7 25. h4 f6 26. Qe3 e5 27. h5 Rd4
28. hxg6 hxg6 29. Qh6 Qf7 30. Be4 f5 31. Bxc6 Qg7 32. Qxg7+ Kxg7 33. Bxb7 Rb8
34. Bf3 Nd7 35. Rc4 Rd6 36. R1c2 Rh8 37. Bc6 e4 38. Bxd7 exd3 39. exd3 Rxd7 40.
Rc7 Rxc7 41. Rxc7+ Kf6 42. Ra7 Rb8 43. Rxa4 Rxb2 44. Kg2 Rd2 45. d4 Rd3 46. Kf1
Rd2 47. Rb4 Ra2 48. a4 Ke6 49. Kg2 Ra3 50. Kh3 Ra2 51. Kg2 Ra3 52. Kh3 Ra2 53.
f4 Kd5 54. Kh4 Ra3 55. Rb6 Kxd4 56. Rxg6 Rxa4 57. Re6 Ra8 58. Kg5 Rf8 59. Re1
Rf7 60. Kg6 Rf8 61. Re2 Kd3 62. Re5 Rg8+ 63. Kxf5 Rxg3 64. Kf6 Kd4 65. f5 Ra3
66. Re1 Ra6+ 67. Kf7 Kd5 68. f6 Ra2 69. Kf8 Kd6 70. f7 Ra3 71. Rf1 Ke6 72. Kg7 1-0

[Event "67th ch-RUS HL w 2017"]
[Site "Sochi RUS"]
[Date "2017.07.02"]
[Round "1.19"]
[White "Gorovenko, Darya"]
[Black "Fominykh, Maria"]
[Result "1-0"]
[WhiteTitle "WFM"]
[BlackTitle "WGM"]
[WhiteElo "2072"]
[BlackElo "2307"]
[WhiteFideId "24173800"]
[BlackFideId "4142411"]
[EventDate "2017.07.02"]

1. d4 Nf6 2. Nf3 g6 3. c4 Bg7 4. Nc3 O-O 5. e4 d6 6. Be2 Nbd7 7. Be3 c6 8. Qd2
a5 9. h3 e5 10. d5 cxd5 11. cxd5 a4 12. Qc2 Qc7 13. Nd2 Ne8 14. g4 f5 15. f3
fxe4 16. Ndxe4 Ndf6 17. Rc1 Qa5 18. O-O Bd7 19. Qd3 Nxe4 20. Nxe4 Kh8 21. Rfd1
Qd8 22. Qa3 Qe7 23. Bd2 b5 24. Kg2 Ra6 25. Bg5 Qf7 26. Nc3 Nc7 27. Qb4 e4 28.
Qxe4 Re8 29. Qd3 Rb6 30. Be3 Rb7 31. Ne4 Be5 32. Rc2 b4 33. Qd2 b3 34. axb3 axb3
35. Rcc1 Ra8 36. Bc4 Ra2 37. Bd4 Qg7 38. Nxd6 Bxd4 39. Qxd4 Rxb2+ 40. Kg3 Qxd4
41. Rxd4 Rb6 42. Nf7+ Kg7 43. Ne5 Rc2 44. Rb1 b2 45. Bd3 Rc1 46. Nxd7 Rxb1 47.
Bxb1 Rd6 48. Nc5 Rxd5 49. Rxd5 Nxd5 50. Na4 Nb4 51. Nxb2 Kf6 52. Nc4 Nc6 53. h4
h6 54. f4 g5 55. hxg5+ hxg5 56. f5 Nd4 57. Nd2 Ne2+ 58. Kf2 Nd4 59. Ne4+ Ke5 60.
Nxg5 Nb5 1-0

[Event "67th ch-RUS HL w 2017"]
[Site "Sochi RUS"]
[Date "2017.07.02"]
[Round "1.20"]
[White "Tomilova, Elena"]
[Black "Belova, Olga"]
[Result "1-0"]
[WhiteTitle "WIM"]
[BlackTitle "WFM"]
[WhiteElo "2298"]
[BlackElo "2064"]
[WhiteFideId "4162340"]
[BlackFideId "4138422"]
[EventDate "2017.07.02"]

1. Nf3 Nf6 2. c4 e6 3. g3 d5 4. Bg2 Be7 5. b3 O-O 6. Bb2 b6 7. O-O Bb7 8. e3 c5
9. Nc3 Nbd7 10. cxd5 Nxd5 11. Nxd5 Bxd5 12. Qe2 Bf6 13. d4 cxd4 14. Nxd4 Bxg2
15. Kxg2 Nc5 16. Rfd1 Qc7 17. f3 Bxd4 18. exd4 Nb7 19. d5 exd5 20. Rxd5 Rfe8 21.
Qd2 Nc5 22. Bxg7 Kxg7 23. Qg5+ Kh8 24. Qf6+ Kg8 25. Rg5+ Kf8 26. Qh6+ Ke7 27.
Re1+ Ne6 28. Rxe6+ fxe6 29. Rg7+ Kd8 30. Rxc7 Kxc7 31. Qxh7+ Kd6 32. h4 Re7 33.
Qd3+ Kc7 34. Qc4+ Kd7 35. h5 Rc8 36. Qd4+ Kc7 37. Qe5+ Kb7 38. g4 Rc5 39. Qf6
Rd7 40. Qxe6 Rd2+ 41. Kg3 Rxa2 42. h6 Rc6 43. Qxc6+ 1-0